| 000 | 01882cam a22004215a 4500 | ||
|---|---|---|---|
| 999 |
_c532202 _d532202 |
||
| 001 | 13543816 | ||
| 003 | NUST | ||
| 005 | 20191112134049.0 | ||
| 008 | 040331s2003 nyuab 001 0beng d | ||
| 010 | _a 2004298295 | ||
| 020 | _a0525948112 (alk. paper) | ||
| 035 | _a(OCoLC)ocm53276932 | ||
| 038 | _aArshad | ||
| 040 |
_aVHB _cVHB _dOCLCQ _dIG# _dOCLCQ _dIBS _dDLC |
||
| 042 | _alccopycat | ||
| 043 |
_aa-iq--- _aa-su--- |
||
| 050 | 0 | 0 |
_aHQ1735 _b.S268 2003 |
| 082 | 0 | 4 |
_a956.7044092 _bSAS |
| 100 | 1 |
_aSasson, Jean P. _925562 |
|
| 245 | 1 | 0 |
_aMayada, daughter of Iraq : _bone woman's survival under Saddam Hussein / _cJean Sasson. |
| 260 |
_aNew York, N.Y. : _bDutton, _c2003. |
||
| 300 |
_axxi, 304 p. : _bill., maps ; _c24 cm. |
||
| 500 | _aIncludes index. | ||
| 505 | 0 | _aThe shadow women of cell 52 -- The four black doors -- Jido Sati -- Saddam Hussein -- Saddam's wife, "the lady" Sajida -- Chemical Ali and the veil -- Torture -- Dr. Fadil and Mayada's Family -- The chirping of the Qabaj -- Dear Samara. | |
| 600 | 1 | 0 |
_aAl-Askari, Mayada, _d1955- _925563 |
| 610 | 2 | 0 |
_aBaladiyat (Prison) _925564 |
| 650 | 0 |
_aWomen political prisoners _zIraq _vBiography. _925565 |
|
| 650 | 0 |
_aWomen _zSaudi Arabia _xSocial conditions. _925566 |
|
| 651 | 0 |
_aIraq _xHistory _y1979-1991. _925567 |
|
| 651 | 0 |
_aIraq _xHistory _y1991-2003. _925568 |
|
| 856 | 4 | 1 |
_3Table of contents _uhttp://www.loc.gov/catdir/toc/fy044/2004298295.html |
| 856 | 4 | 2 |
_3Contributor biographical information _uhttp://www.loc.gov/catdir/enhancements/fy0719/2004298295-b.html |
| 856 | 4 | 2 |
_3Publisher description _uhttp://www.loc.gov/catdir/enhancements/fy0719/2004298295-d.html |
| 856 | 4 | 1 |
_3Sample text _uhttp://www.loc.gov/catdir/enhancements/fy0719/2004298295-s.html |
| 906 |
_a7 _bcbc _ccopycat _d2 _encip _f20 _gy-gencatlg |
||
| 942 |
_2ddc _cBK |
||